000 00253nam a2200097Ia 4500
008 170619s9999 xx 000 0 und d
100 _aRao Singiresus
245 0 _aEngineering optimization ; Theory and practice
260 _bNew Delhi; New Age
260 _c2004
546 _aENGLISH
999 _c18034
_d18034